| 000 | 00000nam##2200000za#4500 |
| 001 | 9.697037 |
| 003 | CaOODSP |
| 005 | 20210624235313 |
| 007 | cr ||||||||||| |
| 008 | 150407|2005||||xxc|||||o f|0| 0 eng|d |
| 040 | |aCaOODSP|beng |
| 043 | |an-cn--- |
| 086 | 1 |aH14-72/2005E-PDF |
| 110 | 1 |aCanada. |bHealth Canada. |
| 245 | 10|aResilient children of parents affected by a dependency / |h[electronic resource]|c[prepared by ... Frank Vitaro, Jean-Marc Assaad and René Carbonneau]. |
| 260 | |aOttawa - Ontario : |bHealth Canada |cAugust 2005. |
| 300 | |a41p.|bfig., references |
| 500 | |aOriginally published in May 2004 by the Comité permanent de lutte à la toxicomanie as part II of « Les enfants de parents affectés d'une dépendance : bilan des connaissances et leçons pour l'intervention ». |
| 590 | |a12-43-Supp|b2012-12-07 |
| 690 | 07|aAddiction|2gcpds |
| 690 | 07|aDrug addiction|2gcpds |
| 690 | 07|aParents|2gcpds |
| 775 | 08|tLes enfants résilients de parents affectés d'une dépendance / |w(CaOODSP)9.641108 |
| 856 | 40|ahttp://publications.gc.ca|qPDF|s265 KB|uhttps://publications.gc.ca/collections/collection_2012/sc-hc/H14-72-2005-eng.pdf |